الإرهاب وأمريكا والإسلام من يطفىء النار/ (Record no. 12478)
[ view plain ]
| 000 -LEADER | |
|---|---|
| fixed length control field | 00528nam a22001457a 4500 |
| 008 - FIXED-LENGTH DATA ELEMENTS--GENERAL INFORMATION | |
| fixed length control field | 090729t xxu||||| |||| 00| 0 eng d |
| 020 ## - INTERNATIONAL STANDARD BOOK NUMBER | |
| International Standard Book Number | 977019297ْ |
| 082 ## - DEWEY DECIMAL CLASSIFICATION NUMBER | |
| Edition number | 22 |
| Classification number | 364.131 |
| Item number | م ج ى |
| 245 ## - TITLE STATEMENT | |
| Title | الإرهاب وأمريكا والإسلام من يطفىء النار/ |
| Statement of responsibility, etc | وحيد عبد المجيد |
| 260 ## - PUBLICATION, DISTRIBUTION, ETC. (IMPRINT) | |
| Place of publication, distribution, etc | القاهرة: |
| Name of publisher, distributor, etc | الهيئة المصرية العامة للكتاب، |
| Date of publication, distribution, etc | 2004 |
| 300 3# - PHYSICAL DESCRIPTION | |
| Extent | 327 ؛ ص |
| Dimensions | 20سم |
| 490 ## - Series Statement | |
| Series statement | الأعمال الخاصة |
| 650 ## - SUBJECT ADDED ENTRY--TOPICAL TERM | |
| 9 (RLIN) | 494 |
| Topical term or geographic name as entry element | الارهاب |
| 942 ## - ADDED ENTRY ELEMENTS (KOHA) | |
| Source of classification or shelving scheme | Dewey Decimal Classification |
| Item type | Book - Borrowing |
| Withdrawn status | Item status | Source of classification or shelving scheme | Damaged status | Not for loan | Vendor | Home library | Current library | Shelving location | Date acquired | Source of acquisition | Total Checkouts | Full call number | Barcode | Date last seen | Koha item type |
|---|---|---|---|---|---|---|---|---|---|---|---|---|---|---|---|
| Dewey Decimal Classification | Alef-Baa | Central Library | Central Library | First floor | 29/07/2009 | 364.131 الإ | 000017679 | 15/07/2025 | Book - Borrowing |